000 00310nam a2200109Ia 4500
008 220120s9999||||xx |||||||||||||| ||und||
100 _aMicheli, Giovanni De
245 0 _aSynthesis and optimization and digital circuits
260 _aTata mcgraw hill company Ltd
_c2006
300 _b0
650 _aGENERAL BOOKS
999 _c137122
_d137122